00393nam a22001097a 4500082002100000110004000021245010500061260005400166300001800220526003700238650000800275 a363.7284bUNIcD aUS environmental Protection Agency. aProcess design manual,bland treatment of municipal wastewater.cU.S Environmental Protection Agecy. aUSA :bU.S Army Environmental Protection Agenecy. aVarious Pages a0b0c0d363_728400000000000_UNI aMCE